Anuario del Ministerio de Justicia hecho por el Sub-Secretario: 1900-1901
Guardat en:
| Format: | Llibre |
|---|---|
| Idioma: | espanyol |
| Publicat: |
Santiago
Imprenta Cervantes
1901
|
| Edició: | 1a. ed |
| Matèries: | |
| Etiquetes: |
Afegir etiqueta
Sense etiquetes, Sigues el primer a etiquetar aquest registre!
|
MARC
| LEADER | 00000cam a2200000 a 4500 | ||
|---|---|---|---|
| 001 | UCE4854 | ||
| 003 | CL-VaPUC | ||
| 008 | 141113e19010000cl |||||||||||||||||spa|d | ||
| 082 | 0 | 4 | |a 351.05 |b ANU |2 21 |
| 245 | 1 | 0 | |a Anuario del Ministerio de Justicia hecho por el Sub-Secretario: 1900-1901 |
| 250 | |a 1a. ed | ||
| 300 | |a 469 p | ||
| 942 | |c BK | ||
| 945 | |d 20141113 14:00:00 |a arojas | ||
| 260 | |a Santiago |b Imprenta Cervantes |c 1901 | ||
| 500 | |a Incluye bibliografía | ||
| 600 | 0 | 7 | |a MINISTERIO DE JUSTICIA |2 CL-VaPUC |9 383799 |
| 600 | 0 | 7 | |a CONGRESO NACIONAL |2 CL-VaPUC |9 396553 |
| 650 | 7 | |a MEMORIAS MINISTERIALES |2 CL-VaPUC |9 396559 | |
| 650 | 0 | |a Historia de Chile |9 322385 | |
| 650 | 0 | |a Historia de Chile siglo 20 |9 268145 | |
| 650 | 0 | |a Fuentes Históricas |9 265141 | |
| 650 | 0 | |a Balances |9 356958 | |
| 583 | |a last modification |c 20141113 14:00:00 |k Rodrigo Vera | ||
| 999 | |c 357712 |d 357710 | ||
| 952 | |0 0 |1 0 |3 erb |4 0 |6 351_050000000000000_ANU_1901 |7 0 |8 ? |9 465762 |a FDOBUD |b FDOBUD |i 5124417 |o 351.05 ANU 1901 |p 5124417 |r 2019-11-23 |w 2019-11-23 |y BK |z Catalogado en:20141113 |k BUD | ||